<?xml version="1.0" encoding="UTF-8"?>
<record
    xmlns:xsi="http://www.w3.org/2001/XMLSchema-instance"
    xsi:schemaLocation="http://www.loc.gov/MARC21/slim http://www.loc.gov/standards/marcxml/schema/MARC21slim.xsd"
    xmlns="http://www.loc.gov/MARC21/slim">

  <leader>00923nam a2200241 a 4500</leader>
  <controlfield tag="001">38989</controlfield>
  <controlfield tag="003">BD-RjUL</controlfield>
  <controlfield tag="005">20211209052909.0</controlfield>
  <controlfield tag="008">160324s2014    bg ao||| b||| 00| 0dben d</controlfield>
  <datafield tag="020" ind1=" " ind2=" ">
    <subfield code="a">9789848934647</subfield>
    <subfield code="c">: Tk 250.00</subfield>
  </datafield>
  <datafield tag="035" ind1=" " ind2=" ">
    <subfield code="a">(BD-RjUL) 39099 </subfield>
  </datafield>
  <datafield tag="040" ind1=" " ind2=" ">
    <subfield code="a">BD-RjUL</subfield>
    <subfield code="b">ben</subfield>
    <subfield code="c">BD-RjUL</subfield>
  </datafield>
  <datafield tag="041" ind1=" " ind2=" ">
    <subfield code="a">ben</subfield>
  </datafield>
  <datafield tag="082" ind1=" " ind2=" ">
    <subfield code="2">23</subfield>
    <subfield code="a">580.2</subfield>
    <subfield code="b">PAB 2014</subfield>
  </datafield>
  <datafield tag="100" ind1=" " ind2=" ">
    <subfield code="a">&#x9AA;&#x9BE;&#x9B2;, &#x9A8;&#x9BF;&#x9B6;&#x9C0;&#x9A5; &#x995;&#x9C1;&#x9AE;&#x9BE;&#x9B0;.</subfield>
    <subfield code="9">119563</subfield>
  </datafield>
  <datafield tag="245" ind1="1" ind2="0">
    <subfield code="a">&#x9AC;&#x9BF;&#x9AC;&#x9B0;&#x9CD;&#x9A4;&#x9A8;&#x9AC;&#x9BF;&#x9A6;&#x9CD;&#x9AF;&#x9BE; /</subfield>
    <subfield code="c">&#x9A8;&#x9BF;&#x9B6;&#x9C0;&#x9A5; &#x995;&#x9C1;&#x9AE;&#x9BE;&#x9B0; &#x9AA;&#x9BE;&#x9B2;</subfield>
  </datafield>
  <datafield tag="260" ind1=" " ind2=" ">
    <subfield code="a">&#x9A2;&#x9BE;&#x995;&#x9BE; :</subfield>
    <subfield code="b">&#x986;&#x9B2;&#x9C7;&#x9AF;&#x9BC;&#x9BE; &#x9AC;&#x9C1;&#x995; &#x9A1;&#x9BF;&#x9AA;&#x9CB;,</subfield>
    <subfield code="c">&#x9E8;&#x9E6;&#x9E7;&#x9EA;.</subfield>
  </datafield>
  <datafield tag="300" ind1=" " ind2=" ">
    <subfield code="a">&#x9E7;&#x9EB;&#x9E7; &#x9AA;&#x9C3;. :</subfield>
    <subfield code="b">&#x99A;&#x9BF;&#x9A4;&#x9CD;&#x9B0; ;</subfield>
    <subfield code="c">&#x9E8;&#x9E7; &#x9B8;&#x9C7;&#x9AE;&#x9BF;.</subfield>
  </datafield>
  <datafield tag="504" ind1=" " ind2=" ">
    <subfield code="a">&#x997;&#x9CD;&#x9B0;&#x9A8;&#x9CD;&#x9A5;&#x9AA;&#x99E;&#x9CD;&#x99C;&#x9BF; &#x9B8;&#x982;&#x9AF;&#x9C1;&#x995;&#x9CD;&#x9A4;.</subfield>
  </datafield>
  <datafield tag="650" ind1=" " ind2=" ">
    <subfield code="a">&#x9AC;&#x9BF;&#x9AC;&#x9B0;&#x9CD;&#x9A4;&#x9A8;&#x9AC;&#x9BF;&#x9A6;&#x9CD;&#x9AF;&#x9BE;</subfield>
    <subfield code="x">&#x989;&#x9A6;&#x9CD;&#x9AD;&#x9BF;&#x9A6; &#x9AC;&#x9BF;&#x9A6;&#x9CD;&#x9AF;&#x9BE;</subfield>
    <subfield code="9">120363</subfield>
  </datafield>
  <datafield tag="650" ind1=" " ind2=" ">
    <subfield code="a">Evolution</subfield>
    <subfield code="x">Botany</subfield>
    <subfield code="9">120364</subfield>
  </datafield>
  <datafield tag="942" ind1=" " ind2=" ">
    <subfield code="2">ddc</subfield>
    <subfield code="c">BK</subfield>
  </datafield>
  <datafield tag="999" ind1=" " ind2=" ">
    <subfield code="c">38989</subfield>
    <subfield code="d">38989</subfield>
  </datafield>
  <datafield tag="952" ind1=" " ind2=" ">
    <subfield code="0">0</subfield>
    <subfield code="1">0</subfield>
    <subfield code="2">ddc</subfield>
    <subfield code="4">0</subfield>
    <subfield code="7">1</subfield>
    <subfield code="8">NFIC</subfield>
    <subfield code="a">RUCL</subfield>
    <subfield code="b">RUCL</subfield>
    <subfield code="c">Reading</subfield>
    <subfield code="d">2014-03-29</subfield>
    <subfield code="e">Botany dept., R.U.</subfield>
    <subfield code="g">250.00</subfield>
    <subfield code="l">0</subfield>
    <subfield code="o">B 580.2 PAB 2014</subfield>
    <subfield code="r">2016-03-24 00:00:00</subfield>
    <subfield code="t">C-1</subfield>
    <subfield code="w">2021-12-09</subfield>
    <subfield code="y">BK</subfield>
  </datafield>
  <datafield tag="952" ind1=" " ind2=" ">
    <subfield code="0">0</subfield>
    <subfield code="1">0</subfield>
    <subfield code="2">ddc</subfield>
    <subfield code="4">0</subfield>
    <subfield code="7">0</subfield>
    <subfield code="8">NFIC</subfield>
    <subfield code="a">RUCL</subfield>
    <subfield code="b">RUCL</subfield>
    <subfield code="c">Stack</subfield>
    <subfield code="d">2014-03-29</subfield>
    <subfield code="e">Botany Department, RU</subfield>
    <subfield code="g">250.00</subfield>
    <subfield code="l">0</subfield>
    <subfield code="o">B 580.2 PAB 2014</subfield>
    <subfield code="r">2016-04-11 00:00:00</subfield>
    <subfield code="t">C-2</subfield>
    <subfield code="w">2016-04-11</subfield>
    <subfield code="y">BK</subfield>
  </datafield>
  <datafield tag="952" ind1=" " ind2=" ">
    <subfield code="0">0</subfield>
    <subfield code="1">0</subfield>
    <subfield code="2">ddc</subfield>
    <subfield code="4">0</subfield>
    <subfield code="7">0</subfield>
    <subfield code="8">NFIC</subfield>
    <subfield code="a">RUCL</subfield>
    <subfield code="b">RUCL</subfield>
    <subfield code="c">Stack</subfield>
    <subfield code="d">2014-03-29</subfield>
    <subfield code="e">Botany Department, RU</subfield>
    <subfield code="g">250.00</subfield>
    <subfield code="l">0</subfield>
    <subfield code="o">B 580.2 PAB 2014</subfield>
    <subfield code="r">2016-04-11 00:00:00</subfield>
    <subfield code="t">C-3</subfield>
    <subfield code="w">2016-04-11</subfield>
    <subfield code="y">BK</subfield>
  </datafield>
  <datafield tag="952" ind1=" " ind2=" ">
    <subfield code="0">0</subfield>
    <subfield code="1">0</subfield>
    <subfield code="2">ddc</subfield>
    <subfield code="4">0</subfield>
    <subfield code="7">0</subfield>
    <subfield code="8">NFIC</subfield>
    <subfield code="a">RUCL</subfield>
    <subfield code="b">RUCL</subfield>
    <subfield code="c">Stack</subfield>
    <subfield code="d">2014-03-29</subfield>
    <subfield code="e">Botany Department, RU</subfield>
    <subfield code="g">250.00</subfield>
    <subfield code="l">0</subfield>
    <subfield code="o">B 580.2 PAB 2014</subfield>
    <subfield code="r">2016-04-11 00:00:00</subfield>
    <subfield code="t">C-4</subfield>
    <subfield code="w">2016-04-11</subfield>
    <subfield code="y">BK</subfield>
  </datafield>
  <datafield tag="952" ind1=" " ind2=" ">
    <subfield code="0">0</subfield>
    <subfield code="1">0</subfield>
    <subfield code="2">ddc</subfield>
    <subfield code="4">0</subfield>
    <subfield code="7">0</subfield>
    <subfield code="8">NFIC</subfield>
    <subfield code="a">RUCL</subfield>
    <subfield code="b">RUCL</subfield>
    <subfield code="c">Stack</subfield>
    <subfield code="d">2014-03-29</subfield>
    <subfield code="e">Botany Department, RU</subfield>
    <subfield code="g">250.00</subfield>
    <subfield code="l">0</subfield>
    <subfield code="o">B 580.2 PAB 2014</subfield>
    <subfield code="r">2016-04-11 00:00:00</subfield>
    <subfield code="t">C-5</subfield>
    <subfield code="w">2016-04-11</subfield>
    <subfield code="y">BK</subfield>
  </datafield>
</record>
